| 000 | 00677na a2200217 4500 | ||
|---|---|---|---|
| 001 | 19659 | ||
| 003 | MIRAKIL | ||
| 005 | 20181213154902.0 | ||
| 008 | 161221b tu 000 0 | ||
| 035 | _a19659 | ||
| 040 |
_aMilas _btur _cTR-AnCHP |
||
| 041 | _atur | ||
| 082 |
_a306.38 _bİ71 1991 |
||
| 090 | _a306.38 İ71 1991 | ||
| 245 |
_aİşçi emeklilerinin sosyal güvenlik sorunları _bTebliğler-yorumlar _cTürkiye İşçi Emeklileri Cemiyeti |
||
| 260 |
_aAnkara _bTürkiye İşçi Emeklileri Cemiyeti _c1991 |
||
| 300 |
_a156 s. _c24 sm. |
||
| 650 |
_aSosyal güvenlik _xİşçi hakları _zTürkiye |
||
| 650 |
_aEmeklilik _xİşçiler _zTürkiye |
||
| 942 |
_2ddc _cBKS |
||
| 999 |
_c2577 _d2577 |
||